Normal view
MARC view
- Bergman, L Theodore, Dewitt, P David, Lavine, S Adrienne
Entry Corporate Name
001 - CONTROL NUMBER
- control field: 123459
003 - CONTROL NUMBER IDENTIFIER
- control field: NUST
005 - DATE AND TIME OF LATEST TRANSACTION
- control field: 20240611102807.0
008 - FIXED-LENGTH DATA ELEMENTS
- fixed length control field: 240611|| aca||aabn | a|a d
040 ## - CATALOGING SOURCE
- Original cataloging agency: NUST
- Transcribing agency: NUST
110 ## - HEADING--CORPORATE NAME
- Corporate name or jurisdiction name as entry element: Bergman, L Theodore, Dewitt, P David, Lavine, S Adrienne
670 ## - SOURCE DATA FOUND
- Source citation: Work cat.: (NUST): Incropera, P Frank 123458, Introduction To Heat Transfer, 2007.
